Elenca la formazione - Quiz n°240 - Statistics

Statistiche generali
  • Questo quiz è stato fatto 54 volte
  • Il punteggio medio è 10 su 11
Statistiche sulle risposte
Ruolo Club dell'epoca Calciatore % Corretto
Portiere Aston Villa Emiliano Martínez
100%
Attaccante Paris Saint-Germain Lionel Messi
100%
Attaccante Juventus Ángel Di María
98%
Attaccante Manchester City Julián Álvarez
94%
Centrocampista Brighton Alexis Mac Allister
92%
Difensore Tottenham Cristian Romero
92%
Difensore Benfica Nicolás Otamendi
92%
Centrocampista Atletico Madrid Rodrigo de Paul
92%
Difensore Olympique Lione Nicolás Tagliafico
90%
Centrocampista Benfica Enzo Fernández
88%
Difensore Atletico Madrid Nahuel Molina
88%
Nessun quiz corrispondente trovato
Distribuzione punteggi
Percentuale di utenti per punteggio
Percentile per numero di risposta
I tuoi punteggi nel tempo
Non hai fatto questo quiz